El lenguaje y la lectura en primer grado (Record no. 210986)
[ view plain ]
| 000 -CABECERA | |
|---|---|
| campo de control de longitud fija | 00779cam a22002297a 4500 |
| 003 - IDENTIFICADOR DEL NÚMERO DE CONTROL | |
| campo de control | MX-MxUPN |
| 005 - FECHA Y HORA DE LA ÚLTIMA TRANSACCIÓN | |
| campo de control | 20240613180318.0 |
| 008 - ELEMENTOS DE LONGITUD FIJA--INFORMACIÓN GENERAL | |
| campo de control de longitud fija | 240213b1961 ag| |||f |||| 000 0 spa d |
| 040 ## - FUENTE DE LA CATALOGACIÓN | |
| Centro catalogador/agencia de origen | MX-MxUPN |
| Lengua de catalogación | spa |
| 041 0# - CÓDIGO DE IDIOMA | |
| Código de lengua del texto/banda sonora o título independiente | spa |
| 050 #4 - SIGNATURA TOPOGRÁFICA DE LA BIBLIOTECA DEL CONGRESO | |
| Número de clasificación | LB1575.8 |
| Número de documento/Ítem | C67 1963 |
| 100 1# - ASIENTO PRINCIPAL--NOMBRE PERSONAL | |
| 9 (RLIN) | 52406 |
| Nombre de persona | Cossettini, Olga |
| 245 13 - MENCIÓN DE TÍTULO | |
| Título | El lenguaje y la lectura en primer grado |
| 250 ## - MENCIÓN DE EDICIÓN | |
| Mención de edición | Segunda edición |
| 260 ## - PUBLICACIÓN, DISTRIBUCIÓN, ETC. | |
| Lugar de publicación, distribución, etc. | Buenos Aires : |
| Nombre del editor, distribuidor, etc. | Editorial Universitaria de Buenos Aires, |
| Fecha de publicación, distribución, etc. | 1963 |
| 300 ## - DESCRIPCIÓN FÍSICA | |
| Extensión | 46 páginas |
| 490 0# - MENCIÓN DE SERIE | |
| Mención de serie | La escuela en el tiempo.Cuadernos serie de la primaria |
| 650 #4 - ASIENTO SECUNDARIO DE MATERIA - TERMINO TEMATICO | |
| 9 (RLIN) | 7681 |
| Término de materia o nombre geográfico como elemento de entrada | Lenguaje y lenguas |
| Subdivisión general | Estudio y enseñanza (Elemental) |
| 650 #4 - ASIENTO SECUNDARIO DE MATERIA - TERMINO TEMATICO | |
| 9 (RLIN) | 2805 |
| Término de materia o nombre geográfico como elemento de entrada | Lectura |
| Subdivisión general | Estudio y enseñanza (Elemental) |
| 902 ## - ELEMENTOS DE DATOS B LOCAL, LDB (RLIN) | |
| Creó | MarielOrtiz/130224 |
| Modificó | VíctorGodínez/130624 |
| 942 ## - ELEMENTOS DE PUNTO DE ACCESO ADICIONAL (KOHA) | |
| Fuente del sistema de clasificación o colocación | Library of Congress Classification |
| Tipo de ítem Koha | Folleto |
| Estado de retiro | Estado de pérdida | Fuente del sistema de clasificación o colocación | Estado dañado | No para préstamo | Código de colección | Localización permanente | Ubicación/localización actual | Ubicación en estantería | Fecha de adquisición | Clasificación | Código de barras | Fecha visto por última vez | Precio válido a partir de | Tipo de ítem Koha |
|---|---|---|---|---|---|---|---|---|---|---|---|---|---|---|
| Library of Congress Classification | Disponible (Préstamo en sala) | Folletería | Bib. Gregorio Torres Quintero | Bib. Gregorio Torres Quintero | Colecciones especiales Planta alta | 13/02/2024 | LB1575.8 C67 1963 | 338027 | 13/02/2024 | 13/02/2024 | Folleto |
